000 00734nam a22002537a 4500
001 BR6900492
003 BR-BrBNA
005 20230928083538.0
007 ta
008 230509b bl.||||| |||| 00| 0 por d
040 _aBR-BrBNA
_bpor
_cBiblioteca Nacional de Agricultura
041 _a(Por)
072 _aE70
_b9910
090 _ 9910 BR6900492
100 1 _aMilanez Netto, J.F.A.
245 1 _aPolitica do cafe; um modelo de decisao simplificado
260 3 _aRio de Janeiro, RJ (Brasil):
_c1969.
300 _a8 p.
500 _a(*) Documento disponível no(a) Instituto Brasileiro do Cafe, Rio de Janeiro, RJ
650 _aCAFE
650 _aPOLITICA COMERCIAL
909 _a202309
_bLucia
_c55
_dLucia Elande
942 _cBK
999 _c14085
_d14085